00555nam a2200145Ia 4500003000900000008004100009020002600050040001600076100002100092245010800113260003200221300002000253490003300273856010300306IN-BaIIA211028s9999 xx s 000 0 eng d a9780819494818 (Print) cIIA Library aPerina, Jan, ed. 0a18th Czech-Polish-Slovak Optical Conference on Wave and Quantum Aspects of Contemporary Opticsh[eBook] aWashington, USAbSPIEc2013 aOnline resource aProceedings of SPIE; V. 8697 uhttps://www.spiedigitallibrary.org/conference-proceedings-of-spie/8697yClick Here to Access eBook